[Event "British Columbia-ch Seniors"]
[Site "chess.com"]
[Date "2020.06.14"]
[Round "4.13"]
[White "Pangilinan, Emmanuel"]
[Black "Monkhouse, Neale"]
[Result "1/2-1/2"]
[WhiteElo "1601"]
[BlackElo "1710"]
[PlyCount "104"]
[EventDate "2020.06.12"]
[EventType "swiss"]
[EventRounds "5"]
[EventCountry "CAN"]
[TimeControl "5400+30"]

1. e4 c5 2. f4 Nc6 3. Nc3 g6 4. Bc4 a6 5. a3 Bg7 6. Nf3 e6 7. Ba2 Nge7 8. d3 d5
9. e5 b5 10. Ne2 Bb7 11. Ng3 Qc7 12. c3 O-O 13. d4 cxd4 14. cxd4 Rac8 15. Bd2
Qb6 16. Be3 b4 17. Bb1 a5 18. Bd3 Rc7 19. h4 h5 20. Ng5 Rfc8 21. O-O Ba6 22.
Bxa6 Qxa6 23. Rc1 Nd8 24. Qd2 Rxc1 25. Rxc1 Rxc1+ 26. Qxc1 Qc6 27. axb4 Qxc1+
28. Bxc1 axb4 29. b3 Nec6 30. Nf3 Nb7 31. Bb2 Na7 32. Ne2 Bf8 33. Kf1 Na5 34.
Nd2 Nb5 35. Ke1 Kg7 36. Kd1 f6 37. Kc2 fxe5 38. dxe5 Kf7 39. Kd3 Bc5 40. Bd4
Be7 41. g3 Nc6 42. Bb6 Ke8 43. Nf3 Kd7 44. Ned4 Nbxd4 45. Nxd4 Nxd4 46. Bxd4
Kc6 47. Bf2 Kb5 48. Be1 Bc5 49. Ke2 Bd4 50. Kd3 Bc5 51. Ke2 Bd4 52. Kd3 Bc5
1/2-1/2

[Event "C'est un classique"]
[Site "chess.com"]
[Date "2020.05.04"]
[Round "1.1"]
[White "Allard, Laurent"]
[Black "Morin, Louis"]
[Result "1-0"]
[WhiteElo "2214"]
[BlackElo "1883"]
[PlyCount "55"]
[EventDate "2020.05.04"]
[EventType "swiss"]
[EventRounds "5"]
[EventCountry "CAN"]

1. e4 d5 2. exd5 Qxd5 3. Nc3 Qa5 4. d4 Nc6 5. Bc4 e6 6. Nf3 Bd7 7. O-O O-O-O 8.
Qe2 Nf6 9. Rd1 Bd6 10. Nb5 Be7 11. Bf4 Ne8 12. a4 Nd6 13. Bd2 Nb4 14. c3 Bxb5
15. axb5 Qb6 16. cxb4 Nf5 17. Bc3 Bf6 18. d5 exd5 19. Rxd5 Rxd5 20. Bxd5 Nd6
21. Bxf6 gxf6 22. Qe3 Qxb5 23. Qxa7 Kd7 24. Qd4 Re8 25. Bb3 Qe2 26. Ba4+ b5 27.
Bb3 Re4 28. Qc3 1-0

[Event "C'est un classique"]
[Site "chess.com"]
[Date "2020.05.04"]
[Round "1.2"]
[White "Couture, Jonathan"]
[Black "Pomerantz, Dan"]
[Result "0-1"]
[WhiteElo "1865"]
[BlackElo "2202"]
[PlyCount "106"]
[EventDate "2020.05.04"]
[EventType "swiss"]
[EventRounds "5"]
[EventCountry "CAN"]

1. e4 c5 2. Nf3 e6 3. Qe2 Nc6 4. c3 Nf6 5. g3 Be7 6. Bg2 O-O 7. O-O d6 8. d4 d5
9. e5 Ne4 10. Nbd2 Nxd2 11. Bxd2 Bd7 12. h4 Qb6 13. dxc5 Bxc5 14. b4 Be7 15.
Rfe1 Rfd8 16. a3 Be8 17. Rac1 a5 18. Be3 Qc7 19. Bf4 axb4 20. cxb4 Qd7 21. Qb2
Na7 22. Nd4 Nb5 23. Nxb5 Qxb5 24. Bf1 Qa4 25. Re3 d4 26. Rd3 Bc6 27. Rcd1 Rd7
28. Bg2 Bb5 29. Rxd4 Qxd1+ 30. Rxd1 Rxd1+ 31. Kh2 Rd7 32. Be4 Bd3 33. Bf3 h6
34. Qb3 Bf5 35. Be2 Rc8 36. Qa4 Rdc7 37. Be3 Be4 38. b5 Bd5 39. Qg4 Kh8 40. a4
Rc3 41. Qh5 Kg8 42. Qg4 Kf8 43. a5 Bc5 44. Bd4 Bxd4 45. Qxd4 Rc1 46. Kh3 h5 47.
g4 R8c3+ 48. f3 hxg4+ 49. Kxg4 Rc4 50. Bxc4 Rxc4 51. Qxc4 Bxc4 52. b6 Ke7 53.
f4 Bd3 0-1

[Event "C'est un classique"]
[Site "chess.com"]
[Date "2020.05.04"]
[Round "1.4"]
[White "Varro, Daniel"]
[Black "Trahan, Daniel"]
[Result "1/2-1/2"]
[WhiteElo "1764"]
[BlackElo "2073"]
[PlyCount "100"]
[EventDate "2020.05.04"]
[EventType "swiss"]
[EventRounds "5"]
[EventCountry "CAN"]

1. d4 Nf6 2. Bf4 e6 3. e3 c5 4. Nc3 a6 5. Nf3 d5 6. Be2 Be7 7. dxc5 Bxc5 8. Na4
Ba7 9. O-O O-O 10. h3 b5 11. Nc3 Bb7 12. Nb1 Nbd7 13. Nbd2 Re8 14. c3 Nb6 15.
Ne5 Nfd7 16. b3 Rc8 17. Rc1 Nxe5 18. Bxe5 f6 19. Bg3 Re7 20. a4 bxa4 21. bxa4
Qe8 22. a5 Nc4 23. Nxc4 dxc4 24. Rb1 Bd5 25. Bf3 Rd8 26. Qe2 Bxf3 27. Qxf3 Rd5
28. Rb4 Qc6 29. Rfb1 e5 30. Kh2 Rc5 31. Qe2 Rc7 32. Qg4 Rxa5 33. Rb8+ Bxb8 34.
Rxb8+ Kf7 35. Qh5+ Ke6 36. Qxh7 Rc8 37. Rxc8 Qxc8 38. Qxg7 Rc5 39. e4 Rc7 40.
Qg6 Qf8 41. Qf5+ Kd6 42. Bh4 Rf7 43. f4 Qe7 44. Qc8 exf4 45. Qxa6+ Kd7 46. Qb7+
Ke8 47. Qc8+ Qd8 48. Qc6+ Kf8 49. Qxc4 Kg7 50. Qe2 Qc7 1/2-1/2

[Event "C'est un classique"]
[Site "chess.com"]
[Date "2020.05.04"]
[Round "1.5"]
[White "Jacquet, Stephane"]
[Black "Guillemette, Hugo"]
[Result "1-0"]
[WhiteElo "2002"]
[BlackElo "1750"]
[PlyCount "51"]
[EventDate "2020.05.04"]
[EventType "swiss"]
[EventRounds "5"]
[EventCountry "CAN"]

1. d4 Nf6 2. c4 e6 3. Nf3 b6 4. g3 Bb7 5. Bg2 Bb4+ 6. Bd2 Be7 7. Nc3 O-O 8. O-O
Na6 9. d5 exd5 10. Nh4 Ne4 11. Nf5 Bf6 12. cxd5 Nxc3 13. bxc3 d6 14. e4 Nc5 15.
f4 Re8 16. Re1 Nd3 17. Re3 Ba6 18. Qc2 Nc5 19. Rae1 Nd7 20. g4 h6 21. Rh3 Nf8
22. Qd1 Ng6 23. g5 hxg5 24. Qh5 Nh4 25. fxg5 Nxf5 26. Qh8# 1-0

[Event "C'est un classique"]
[Site "chess.com"]
[Date "2020.05.04"]
[Round "1.7"]
[White "Latorre, Vincent"]
[Black "Pelletier, Arnaud"]
[Result "1-0"]
[WhiteElo "1975"]
[BlackElo "1689"]
[PlyCount "57"]
[EventDate "2020.05.04"]
[EventType "swiss"]
[EventRounds "5"]
[EventCountry "CAN"]

1. e4 e5 2. Nf3 Nc6 3. Bc4 Bc5 4. c3 Nf6 5. d3 h6 6. O-O O-O 7. a4 a6 8. h3 d6
9. Bb3 Qe7 10. Re1 Be6 11. Bc2 d5 12. exd5 Nxd5 13. Nbd2 Bd6 14. Nc4 Qf6 15.
Qe2 Nf4 16. Bxf4 Bxc4 17. Bxe5 Nxe5 18. Nxe5 Rfe8 19. Ng4 Qe6 20. Qd2 Qd5 21.
Ne3 Qe5 22. dxc4 Qh2+ 23. Kf1 Qh1+ 24. Ke2 Qxg2 25. Rg1 Qxh3 26. Qd3 Bf4 27.
Qh7+ Kf8 28. Qxg7+ Ke7 29. Qg4 1-0

[Event "C'est un classique"]
[Site "chess.com"]
[Date "2020.05.04"]
[Round "1.8"]
[White "Lynch, Jonathan"]
[Black "Adam, Rafael"]
[Result "0-1"]
[WhiteElo "1653"]
[BlackElo "1910"]
[PlyCount "80"]
[EventDate "2020.05.04"]
[EventType "swiss"]
[EventRounds "5"]
[EventCountry "CAN"]

1. b3 e5 2. Bb2 Nc6 3. e3 Nf6 4. Bb5 Bd6 5. Ne2 O-O 6. Na3 Na5 7. b4 Bxb4 8.
O-O c6 9. Ba4 Qe7 10. Qc1 d5 11. d3 Bf5 12. Ng3 Bg6 13. Rd1 h5 14. c3 Bd6 15.
Nc2 h4 16. Nf1 b5 17. Bb3 Nb7 18. a4 a6 19. Ba3 Nc5 20. Bxc5 Bxc5 21. d4 Bd6
22. Qd2 e4 23. Ne1 Bh5 24. Rdb1 Nh7 25. Bd1 Bxd1 26. Qxd1 f5 27. f4 g5 28. g4
gxf4 29. gxf5 f3 30. Nxf3 exf3 31. Qxf3 Qg5+ 32. Kh1 Rxf5 33. Qh3 Raf8 34. Ra2
Qf6 35. Rg2+ Kh8 36. Nd2 Rf2 37. Rxf2 Qxf2 38. Nb3 Ng5 39. Qg2 h3 40. Qxf2 Rxf2
0-1

[Event "C'est un classique"]
[Site "chess.com"]
[Date "2020.05.04"]
[Round "1.9"]
[White "Mallais, Daniel"]
[Black "Bilodeau-Savaria, Carl-William"]
[Result "1/2-1/2"]
[WhiteElo "1901"]
[BlackElo "1645"]
[PlyCount "96"]
[EventDate "2020.05.04"]
[EventType "swiss"]
[EventRounds "5"]
[EventCountry "CAN"]

1. d4 d5 2. c4 e6 3. Nc3 Nf6 4. cxd5 exd5 5. Bg5 Be7 6. Qc2 Nbd7 7. e3 c6 8.
Bd3 O-O 9. Nge2 Re8 10. O-O Ne4 11. Bxe7 Qxe7 12. Nxe4 dxe4 13. Bc4 b5 14. Bb3
Bb7 15. a4 Rac8 16. Qd2 b4 17. Rac1 c5 18. Rc2 Red8 19. dxc5 a5 20. Qd6 Qxd6
21. cxd6 Nc5 22. Nd4 Nxb3 23. Rxc8 Bxc8 24. Nxb3 Rxd6 25. Nxa5 Ra6 26. Rd1 g6
27. Rd8+ Kg7 28. Rxc8 Rxa5 29. b3 Rd5 30. Rc1 Rd2 31. g4 Rb2 32. Rc4 Rxb3 33.
Rxe4 Rb1+ 34. Kg2 b3 35. Rb4 Kf6 36. a5 Ra1 37. Rxb3 Rxa5 38. f4 h6 39. h4 h5
40. Rb6+ Kg7 41. g5 Ra4 42. Kf3 Kf8 43. Rd6 Ke7 44. Rd4 Ra1 45. Kg2 Ke6 46. e4
Ra2+ 47. Kf3 Ra3+ 48. Kg2 Ra2+ 1/2-1/2

[Event "C'est un classique"]
[Site "chess.com"]
[Date "2020.05.17"]
[Round "2.1"]
[White "Turcotte, Jonathan"]
[Black "Allard, Laurent"]
[Result "0-1"]
[WhiteElo "1991"]
[BlackElo "2214"]
[PlyCount "40"]
[EventDate "2020.05.04"]
[EventType "swiss"]
[EventRounds "5"]
[EventCountry "CAN"]

1. d4 Nf6 2. c4 g6 3. Nc3 d5 4. Bf4 Bg7 5. e3 O-O 6. Rc1 Be6 7. Nf3 dxc4 8. Ng5
Bd5 9. Nxd5 Nxd5 10. Bg3 e5 11. dxe5 c6 12. Nf3 b5 13. a4 Qa5+ 14. Nd2 Nd7 15.
b3 Nxe5 16. bxc4 bxc4 17. Bxc4 Nc3 18. Qc2 Nxc4 19. Nxc4 Qb4 20. Be5 Na2+ 0-1

[Event "C'est un classique"]
[Site "chess.com"]
[Date "2020.05.17"]
[Round "2.2"]
[White "Pomerantz, Dan"]
[Black "Latorre, Vincent"]
[Result "1/2-1/2"]
[WhiteElo "2202"]
[BlackElo "1975"]
[PlyCount "110"]
[EventDate "2020.05.04"]
[EventType "swiss"]
[EventRounds "5"]
[EventCountry "CAN"]

1. e4 c5 2. Nf3 d6 3. d4 cxd4 4. Nxd4 Nf6 5. Nc3 g6 6. Be3 Bg7 7. f3 O-O 8. Qd2
Nc6 9. Bc4 Bd7 10. h4 Rb8 11. h5 b5 12. Bb3 Nxh5 13. g4 Nf6 14. O-O-O Na5 15.
Bh6 Bh8 16. Nf5 Nxb3+ 17. cxb3 Re8 18. Kb1 Qc8 19. Rc1 Qb7 20. Nd5 Nxd5 21.
exd5 Rbc8 22. Rxc8 Qxc8 23. Ng3 Qc5 24. Be3 Qc8 25. Qh2 h5 26. gxh5 Bf5+ 27.
Ne4 Be5 28. Qg2 Qb7 29. hxg6 Bxg6 30. Rh6 Kg7 31. Qh3 Qxd5 32. Rxg6+ fxg6 33.
Qh6+ Kf7 34. Ng5+ Kf6 35. Ne4+ Kf7 36. Qh7+ Bg7 37. Ng5+ Kf6 38. Ne4+ Qxe4+ 39.
fxe4 Rh8 40. Bd4+ e5 41. Qxh8 Bxh8 42. Bxa7 Bg7 43. a4 Ke7 44. Kc2 Kd7 45. Kd3
Kc6 46. Bf2 d5 47. a5 d4 48. Bh4 Bf8 49. Bd8 Kb7 50. Bf6 Bd6 51. b4 Kc6 52. Kc2
Kb7 53. Kb3 Kc6 54. Bd8 Kb7 55. Bf6 Kc6 1/2-1/2

[Event "C'est un classique"]
[Site "chess.com"]
[Date "2020.05.17"]
[Round "2.3"]
[White "Adam, Rafael"]
[Black "Jacquet, Stephane"]
[Result "0-1"]
[WhiteElo "1910"]
[BlackElo "2002"]
[PlyCount "80"]
[EventDate "2020.05.04"]
[EventType "swiss"]
[EventRounds "5"]
[EventCountry "CAN"]

1. d4 c5 2. d5 Nf6 3. c4 e6 4. Nc3 exd5 5. cxd5 d6 6. e4 g6 7. Bd3 Bg7 8. Nf3
O-O 9. O-O a6 10. a4 Re8 11. h3 Nbd7 12. a5 Qc7 13. Bf4 Rb8 14. Nd2 Nh5 15. Bh2
Ne5 16. Be2 b5 17. Bxh5 gxh5 18. Qxh5 b4 19. Nd1 c4 20. Rc1 c3 21. bxc3 Nd3 22.
Rc2 b3 23. Nxb3 Rxb3 24. Qe2 Nc5 25. f3 Qxa5 26. Bxd6 Bd7 27. c4 Qb6 28. Bxc5
Qxc5+ 29. Nf2 a5 30. f4 Re3 31. Qd2 R3xe4 32. Rfc1 a4 33. Kh1 Rd4 34. Nd3 Qa3
35. Rc3 Qe7 36. Qa2 Qh4 37. Kh2 Re3 38. Nc5 Qg3+ 39. Kh1 Rxc3 40. Rxc3 Rd1# 0-1

[Event "C'est un classique"]
[Site "chess.com"]
[Date "2020.05.17"]
[Round "2.5"]
[White "Trahan, Daniel"]
[Black "Bilodeau-Savaria, Carl-William"]
[Result "1/2-1/2"]
[WhiteElo "2073"]
[BlackElo "1645"]
[PlyCount "73"]
[EventDate "2020.05.04"]
[EventType "swiss"]
[EventRounds "5"]
[EventCountry "CAN"]

1. d4 d5 2. c4 e6 3. Nc3 Nf6 4. cxd5 exd5 5. Bg5 Be7 6. e3 c6 7. Qc2 Nbd7 8.
Bd3 O-O 9. Nf3 Re8 10. O-O Nf8 11. h3 Be6 12. Ne5 N6d7 13. Bxe7 Qxe7 14. f4 f6
15. Nf3 c5 16. Rae1 a6 17. g4 Bf7 18. Qf2 cxd4 19. exd4 Qd6 20. Nh4 g6 21. Ng2
Ne6 22. Kh1 Ng7 23. Ne3 Re7 24. Re2 Rae8 25. Rfe1 b5 26. a3 Nb6 27. Qf3 Rd7 28.
f5 g5 29. Ng2 Rde7 30. Rxe7 Rxe7 31. Rxe7 Qxe7 32. Ne3 Qd6 33. Kg2 Nc4 34. Bxc4
dxc4 35. Qe4 Ne8 36. Ned5 Kg7 37. Kf2 1/2-1/2

[Event "C'est un classique"]
[Site "chess.com"]
[Date "2020.05.17"]
[Round "2.6"]
[White "Wang, Rachel"]
[Black "Mallais, Daniel"]
[Result "0-1"]
[WhiteElo "1813"]
[BlackElo "1901"]
[PlyCount "62"]
[EventDate "2020.05.04"]
[EventType "swiss"]
[EventRounds "5"]
[EventCountry "CAN"]

1. d4 d5 2. c4 e6 3. Nc3 Nf6 4. Bg5 Be7 5. e3 h6 6. Bh4 O-O 7. Nf3 Ne4 8. Bxe7
Qxe7 9. Bd3 Nxc3 10. bxc3 c5 11. O-O Nc6 12. Re1 f5 13. cxd5 exd5 14. c4 Be6
15. Rc1 cxd4 16. exd4 Qf7 17. Rxe6 Qxe6 18. cxd5 Qd6 19. dxc6 bxc6 20. Ne5 Rac8
21. Bc4+ Kh7 22. Bf7 Rc7 23. Bg6+ Kh8 24. Bh5 Kh7 25. Bg6+ Kh8 26. Qb3 Qf6 27.
Rc5 Re7 28. Rxc6 Qxc6 29. h3 Rxe5 30. dxe5 Qxg6 31. e6 Re8 0-1

[Event "C'est un classique"]
[Site "chess.com"]
[Date "2020.05.17"]
[Round "2.7"]
[White "Morin, Louis"]
[Black "Dube, Daniel"]
[Result "1-0"]
[WhiteElo "1883"]
[BlackElo "1737"]
[PlyCount "43"]
[EventDate "2020.05.04"]
[EventType "swiss"]
[EventRounds "5"]
[EventCountry "CAN"]

1. e4 Nf6 2. Nc3 d5 3. e5 Nfd7 4. e6 fxe6 5. d4 c5 6. Bd3 g6 7. Qg4 Nf6 8.
Bxg6+ hxg6 9. Qxg6+ Kd7 10. Nf3 Nc6 11. dxc5 Rg8 12. Qd3 Ke8 13. Bf4 Ng4 14.
Qh7 Nf6 15. Qd3 Bd7 16. O-O Rc8 17. a3 Ng4 18. Qh7 Rg7 19. Qh5+ Rf7 20. Ng5
Nce5 21. Bxe5 Nxe5 22. f4 1-0

[Event "C'est un classique"]
[Site "chess.com"]
[Date "2020.05.17"]
[Round "2.8"]
[White "Pelletier, Arnaud"]
[Black "Couture, Jonathan"]
[Result "1/2-1/2"]
[WhiteElo "1689"]
[BlackElo "1865"]
[PlyCount "198"]
[EventDate "2020.05.04"]
[EventType "swiss"]
[EventRounds "5"]
[EventCountry "CAN"]

1. c4 e5 2. Nc3 Nf6 3. g3 c6 4. d4 e4 5. Bg2 d5 6. cxd5 cxd5 7. f3 exf3 8. Nxf3
Be7 9. O-O O-O 10. Qd3 Nc6 11. a3 Bg4 12. Ne5 Be6 13. Nxc6 bxc6 14. e4 Qb6 15.
e5 Nd7 16. Be3 f6 17. exf6 Bxf6 18. Na4 Qa5 19. Qc2 Rac8 20. b4 Qd8 21. Nc5
Nxc5 22. Qxc5 Rf7 23. Rac1 Rb7 24. Qc2 a5 25. Qa4 axb4 26. axb4 Qb6 27. b5 Qxb5
28. Qxb5 Rxb5 29. Rc2 Rb3 30. Bf2 Rd3 31. Rfc1 Bxd4 32. Bxd4 Rxd4 33. Rxc6 Rxc6
34. Rxc6 Kf7 35. Kf2 Rd2+ 36. Kf1 h5 37. Rc5 Kf6 38. Bf3 g6 39. h4 Ke5 40. Ke1
Rb2 41. Ra5 Kd4 42. Ra4+ Kd3 43. Ra3+ Kd4 44. Ra4+ Kc5 45. Ra5+ Kd6 46. Ra6+
Ke5 47. Ra5 Rb4 48. Ke2 Kd4 49. Kd2 Rb3 50. Ke2 Re3+ 51. Kf2 Re5 52. Ra4+ Kc5
53. Ra5+ Kd6 54. Ra6+ Ke7 55. Ra4 Kf6 56. Rb4 Bf5 57. Ra4 Be4 58. Be2 Kf5 59.
Rb4 g5 60. hxg5 Kxg5 61. Ra4 h4 62. gxh4+ Kxh4 63. Rb4 Kg5 64. Bd1 Rf5+ 65. Ke3
Kf6 66. Kd4 Rf4 67. Ke3 Ke5 68. Ra4 Rh4 69. Rb4 Rh3+ 70. Kf2 Kf4 71. Be2 Rh2+
72. Ke1 Ke3 73. Rb3+ Kd4 74. Kd2 Kc5 75. Rb5+ Kc6 76. Rb4 Rh3 77. Bd1 Kc5 78.
Rb3 Rh2+ 79. Ke3 Kc4 80. Rb8 Rh3+ 81. Kd2 Rd3+ 82. Ke1 Kd4 83. Rb3 Rc3 84. Kd2
Rc4 85. Rb8 Rc6 86. Rd8 Ra6 87. Rc8 Ra2+ 88. Ke1 Ke3 89. Rc3+ Bd3 90. Rc8 d4
91. Rh8 Be4 92. Rh3+ Kf4 93. Rh4+ Ke5 94. Rh5+ Kd6 95. Rh4 Ke5 96. Rh5+ Kf6 97.
Rh4 Kf5 98. Rh5+ Kf6 99. Rh4 Ke5 1/2-1/2

[Event "C'est un classique"]
[Site "chess.com"]
[Date "2020.05.24"]
[Round "3.1"]
[White "Allard, Laurent"]
[Black "Jacquet, Stephane"]
[Result "1-0"]
[WhiteElo "2214"]
[BlackElo "2002"]
[PlyCount "71"]
[EventDate "2020.05.04"]
[EventType "swiss"]
[EventRounds "5"]
[EventCountry "CAN"]

1. e4 c5 2. Nf3 Nc6 3. Bb5 g6 4. Bxc6 dxc6 5. d3 Bg7 6. h3 Nf6 7. Nc3 Nd7 8.
Be3 e5 9. Qd2 h6 10. O-O b6 11. Nh2 Nf8 12. f4 exf4 13. Bxf4 g5 14. Bg3 Be6 15.
e5 h5 16. Nf3 h4 17. Bh2 g4 18. hxg4 h3 19. Ne4 hxg2 20. Qxg2 Ng6 21. Nd6+ Kf8
22. Rf2 Kg8 23. Raf1 Bh6 24. g5 Bf8 25. Re1 Qd7 26. c4 Nh4 27. Nxh4 Rxh4 28.
Re4 Rh7 29. Rf3 Be7 30. Bf4 Kh8 31. Bd2 Rg8 32. Nxf7+ Bxf7 33. Rxf7 Qh3 34.
Qxh3 Rxh3 35. Rxe7 Rxd3 36. Rh4# 1-0

[Event "C'est un classique"]
[Site "chess.com"]
[Date "2020.05.24"]
[Round "3.2"]
[White "Mallais, Daniel"]
[Black "Pomerantz, Dan"]
[Result "0-1"]
[WhiteElo "1901"]
[BlackElo "2202"]
[PlyCount "76"]
[EventDate "2020.05.04"]
[EventType "swiss"]
[EventRounds "5"]
[EventCountry "CAN"]

1. d4 Nf6 2. Bf4 e6 3. e3 b6 4. c3 Bb7 5. Nd2 Be7 6. Ngf3 c5 7. Bd3 cxd4 8.
exd4 O-O 9. Qc2 d6 10. Ng5 h6 11. h4 Nbd7 12. Nh7 Nxh7 13. Bxh7+ Kh8 14. Be4
Bxe4 15. Nxe4 Nf6 16. O-O-O Nxe4 17. Qxe4 b5 18. d5 e5 19. Bd2 f5 20. Qe2 Qe8
21. f3 a5 22. Kb1 b4 23. cxb4 axb4 24. Bxb4 Qa4 25. a3 Rfb8 26. Rc1 Rxb4 27.
axb4 Qa2+ 28. Kc2 Rc8+ 29. Kd1 Rxc1+ 30. Kxc1 Qa1+ 31. Kc2 Qxh1 32. f4 e4 33.
b5 Bd8 34. h5 Bb6 35. Kb3 Qc1 36. g4 Qxf4 37. Qc4 Qe3+ 38. Ka2 Qc5 0-1

[Event "C'est un classique"]
[Site "chess.com"]
[Date "2020.05.24"]
[Round "3.4"]
[White "Morin, Louis"]
[Black "Trahan, Daniel"]
[Result "0-1"]
[WhiteElo "1883"]
[BlackElo "2073"]
[PlyCount "52"]
[EventDate "2020.05.04"]
[EventType "swiss"]
[EventRounds "5"]
[EventCountry "CAN"]

1. e4 c5 2. d4 cxd4 3. c3 Nf6 4. e5 Nd5 5. Qxd4 e6 6. Bc4 Nc6 7. Qe4 Nde7 8.
Bf4 Ng6 9. Bg3 Qc7 10. Nf3 b6 11. Nbd2 Bb7 12. Qe2 Be7 13. O-O-O O-O-O 14. Kb1
Kb8 15. Ba6 Bxa6 16. Qxa6 Ncxe5 17. Nxe5 Nxe5 18. Nc4 d6 19. Nxd6 Bxd6 20. Rxd6
Qxd6 21. Re1 f6 22. Qe2 Qd3+ 23. Qxd3 Rxd3 24. f4 Nc6 25. Rxe6 Kb7 26. f5 Rd7
0-1

[Event "C'est un classique"]
[Site "chess.com"]
[Date "2020.05.24"]
[Round "3.5"]
[White "Lynch, Jonathan"]
[Black "Turcotte, Jonathan"]
[Result "0-1"]
[WhiteElo "1653"]
[BlackElo "1991"]
[PlyCount "92"]
[EventDate "2020.05.04"]
[EventType "swiss"]
[EventRounds "5"]
[EventCountry "CAN"]

1. d4 d5 2. Bf4 c5 3. e3 Nc6 4. Nc3 Bf5 5. Nb5 Rc8 6. Bd3 Bxd3 7. cxd3 Qa5+ 8.
Nc3 cxd4 9. exd4 Nxd4 10. Be5 Nc6 11. Nf3 Nxe5 12. Nxe5 d4 13. Qa4+ Qxa4 14.
Nxa4 f6 15. Nf3 e5 16. b3 Bb4+ 17. Kf1 Ne7 18. a3 Bd6 19. Nb2 Kd7 20. a4 Rc2
21. Nc4 Nd5 22. Ne1 Rc3 23. Rb1 Nf4 24. g3 Nxd3 25. Ke2 Nc5 26. Nd2 Rc8 27. a5
Ke6 28. b4 Na6 29. Ne4 Rc1 30. Nxd6 Kxd6 31. Rb3 e4 32. f3 f5 33. fxe4 fxe4 34.
Rf1 R1c4 35. Rf7 R8c7 36. Rf4 Ke5 37. b5 Nc5 38. Ra3 Ne6 39. Rh4 g5 40. Rh6 Rb4
41. b6 axb6 42. axb6 Rxb6 43. Ra5+ Kd6 44. Rxg5 Rb2+ 45. Kf1 Rf7+ 46. Kg1 Rb1
0-1

[Event "C'est un classique"]
[Site "chess.com"]
[Date "2020.05.24"]
[Round "3.6"]
[White "Bilodeau-Savaria, Carl-William"]
[Black "Adam, Rafael"]
[Result "0-1"]
[WhiteElo "1645"]
[BlackElo "1910"]
[PlyCount "48"]
[EventDate "2020.05.04"]
[EventType "swiss"]
[EventRounds "5"]
[EventCountry "CAN"]

1. d4 d5 2. c4 e6 3. Nf3 Nf6 4. Nc3 dxc4 5. e3 a6 6. Bxc4 b5 7. Bd3 Bb7 8. O-O
c5 9. Re1 Nbd7 10. Bd2 Bd6 11. Ng5 O-O 12. Rc1 Rc8 13. Nce4 Bxh2+ 14. Kf1 Bb8
15. dxc5 h6 16. Nxf6+ Nxf6 17. Bb4 hxg5 18. c6 Rxc6 19. Rxc6 Bxc6 20. Bxf8 Qxf8
21. e4 Nd7 22. Qh5 Ne5 23. Bb1 Qe7 24. Re3 g4 0-1

[Event "C'est un classique"]
[Site "chess.com"]
[Date "2020.05.24"]
[Round "3.7"]
[White "Couture, Jonathan"]
[Black "Varro, Daniel"]
[Result "0-1"]
[WhiteElo "1865"]
[BlackElo "1764"]
[PlyCount "84"]
[EventDate "2020.05.04"]
[EventType "swiss"]
[EventRounds "5"]
[EventCountry "CAN"]

1. e4 c6 2. d4 d5 3. f3 e6 4. Nc3 Qb6 5. Nge2 Nd7 6. Rb1 c5 7. Be3 dxe4 8. fxe4
cxd4 9. Nxd4 Ngf6 10. Bb5 Qc7 11. O-O Be7 12. Qf3 O-O 13. Be2 a6 14. h3 Bd6 15.
Kh1 Ne5 16. Qf2 b5 17. a3 Bb7 18. Bd3 Nc4 19. Bg5 Nh5 20. Nde2 h6 21. Bc1 Rad8
22. Qh4 Qc5 23. Bxc4 bxc4 24. g4 Nf6 25. Rxf6 gxf6 26. Qxf6 Qe5 27. Qxe5 Bxe5
28. Bxh6 Bg7 29. Be3 f5 30. Bg5 Rd7 31. Kg1 fxg4 32. hxg4 Bxc3 33. bxc3 Rg7 34.
Rxb7 Rxb7 35. Nd4 Rb1+ 36. Kg2 Kf7 37. Bf4 Rg8 38. g5 Rh8 39. Nf3 Rb2 40. Nd4
Ra2 41. Bd6 Rd8 42. e5 Rg8 0-1

[Event "C'est un classique"]
[Site "chess.com"]
[Date "2020.05.24"]
[Round "3.8"]
[White "Pelletier, Arnaud"]
[Black "Wang, Rachel"]
[Result "0-1"]
[WhiteElo "1689"]
[BlackElo "1813"]
[PlyCount "72"]
[EventDate "2020.05.04"]
[EventType "swiss"]
[EventRounds "5"]
[EventCountry "CAN"]

1. c4 c5 2. Nc3 Nc6 3. Nf3 g6 4. d4 cxd4 5. Nxd4 Bg7 6. Nc2 e6 7. e4 Nge7 8.
Be2 O-O 9. O-O d6 10. Bf4 e5 11. Be3 a6 12. Qd2 f5 13. f4 Be6 14. Rad1 fxe4 15.
Qxd6 Nd4 16. Rxd4 exd4 17. Qxe6+ Kh8 18. Rd1 Nf5 19. Qxe4 Nxe3 20. Nxe3 Re8 21.
Qf3 Rxe3 22. Qxe3 dxe3 23. Rxd8+ Rxd8 24. Nd5 Bxb2 25. Kf1 Bc1 26. Bd3 b5 27.
Ke2 bxc4 28. Bxc4 Rb8 29. Bb3 a5 30. Kd1 Bd2 31. Ke2 a4 32. Bxa4 Rb2 33. Bc6
Rxa2 34. Nxe3 Bc1+ 35. Kd3 Ra3+ 36. Kc2 Bxe3 0-1

[Event "C'est un classique"]
[Site "chess.com"]
[Date "2020.05.24"]
[Round "3.9"]
[White "Dube, Daniel"]
[Black "Guillemette, Hugo"]
[Result "0-1"]
[WhiteElo "1737"]
[BlackElo "1750"]
[PlyCount "76"]
[EventDate "2020.05.04"]
[EventType "swiss"]
[EventRounds "5"]
[EventCountry "CAN"]

1. d4 Nf6 2. Nf3 e6 3. c4 b6 4. g3 Bb7 5. Bg2 Bb4+ 6. Bd2 Be7 7. O-O O-O 8. Nc3
Na6 9. Re1 d5 10. Ne5 c5 11. dxc5 bxc5 12. Qa4 Qb6 13. Nb5 Nb4 14. Bg5 Rfd8 15.
a3 Nc6 16. Nxc6 Bxc6 17. Qc2 Bxb5 18. cxb5 Qxb5 19. e4 Rd7 20. exd5 exd5 21.
Rxe7 Rxe7 22. Bxf6 gxf6 23. Bxd5 Rae8 24. Kg2 Re2 25. Qf5 Qxb2 26. Ra2 Qe5 27.
Qg4+ Kf8 28. Rxe2 Qxe2 29. Qh4 Qe5 30. Qh6+ Kg8 31. Qd2 Qd4 32. Qa2 Re7 33. h4
Rc7 34. Bc4 Qe4+ 35. Kh2 Rd7 36. Qb3 Rd2 37. Kg1 Qe1+ 38. Bf1 Qxf2+ 0-1

[Event "C'est un classique"]
[Site "chess.com"]
[Date "2020.05.31"]
[Round "4.1"]
[White "Pomerantz, Dan"]
[Black "Allard, Laurent"]
[Result "1-0"]
[WhiteElo "2202"]
[BlackElo "2214"]
[PlyCount "73"]
[EventDate "2020.05.04"]
[EventType "swiss"]
[EventRounds "5"]
[EventCountry "CAN"]

1. e4 c5 2. Nf3 d6 3. d4 cxd4 4. Nxd4 Nf6 5. Nc3 a6 6. Be3 e5 7. Nf3 Be7 8. Bc4
O-O 9. O-O Nbd7 10. a4 b6 11. Bg5 Bb7 12. Bxf6 Nxf6 13. Qd3 Qc7 14. Rfd1 Rfc8
15. Bb3 Rd8 16. Ne1 Rac8 17. Nd5 Nxd5 18. Bxd5 Bg5 19. c3 Qb8 20. Nc2 Bxd5 21.
Qxd5 Rc5 22. Qd3 d5 23. exd5 Rcxd5 24. Qxd5 Rxd5 25. Rxd5 Qc7 26. Re1 f6 27.
Red1 Qc4 28. Ne1 Qxa4 29. Nf3 Bh6 30. g3 g6 31. Rd8+ Bf8 32. R1d6 Kf7 33. Rxb6
Be7 34. Rdb8 Qe4 35. Nd2 Qe1+ 36. Nf1 g5 37. R8b7 1-0

[Event "C'est un classique"]
[Site "chess.com"]
[Date "2020.05.31"]
[Round "4.2"]
[White "Latorre, Vincent"]
[Black "Trahan, Daniel"]
[Result "1-0"]
[WhiteElo "1975"]
[BlackElo "2073"]
[PlyCount "75"]
[EventDate "2020.05.04"]
[EventType "swiss"]
[EventRounds "5"]
[EventCountry "CAN"]

1. e4 c5 2. Nf3 e6 3. d4 cxd4 4. Nxd4 a6 5. Nc3 Qc7 6. a3 Nf6 7. Be3 Bc5 8. f3
b5 9. Qd2 O-O 10. O-O-O Bb7 11. Kb1 Rc8 12. Nb3 Bxa3 13. bxa3 Qxc3 14. Qxc3
Rxc3 15. Bc5 Nxe4 16. fxe4 Bxe4 17. Bd3 Bxd3 18. Rxd3 Rxd3 19. cxd3 Nc6 20. Bd6
a5 21. Rc1 f6 22. Nc5 Nb8 23. Nxe6 dxe6 24. Rc8+ Kf7 25. Rf8+ Kg6 26. Rxb8 Rxb8
27. Bxb8 Kf5 28. Bc7 a4 29. Kc2 e5 30. Kc3 Ke6 31. Kb4 Kd7 32. Bb6 Kc6 33. Be3
f5 34. g3 g6 35. h3 h5 36. h4 e4 37. dxe4 fxe4 38. Ka5 1-0